Statystyki dla Jaka jest największa góra w tym kraju #1

Kliknij tutaj aby rozwiązać quiz!

Ogólne statystyki

  • Ten quiz został rozwiązany 33 razy
  • Średni wynik to 5 z 15

Statystyki odpowiedzi

Państwonajwiększa góra% Poprawnych
PolskaRysy
94%
SłowacjaGerlach
53%
TanzaniaKilimandżaro
53%
RosjaElbrus
50%
CzechyŚnieżka
50%
GrecjaOlimp
47%
USAMc kinley
41%
NiemcyZugspitze
28%
ChinyMont everest
13%
UkrainaHowerla
9%
RumuniaMoldoveanu
9%
BiałoruśDzierżyńska góra
3%
AustraliaUluru
3%
IranDamavand
0%
LitwaGóra aukstocka
0%

Rozkład punktacji

Percentyl według liczby udzielonych odpowiedzi

Procent ludzi z każdym wynikiem

Twoja historia wyników

Nie rozwiązałeś tego quizu